Statistiques concernant Typage rapide

Cliquez ici pour prendre le quiz!

Statistiques générales

  • Ce quiz a été pris 904 fois
  • Le résultat moyen est 33 sur 52

Statistiques - réponses

Lettre% Correct
1A
100%
2B
98%
3C
97%
4D
96%
5E
95%
6F
94%
7G
94%
8H
93%
9I
93%
10J
92%
11K
92%
12L
91%
13M
91%
14N
90%
15O
90%
16P
90%
17Q
90%
18R
90%
19S
90%
20T
90%
21U
89%
22V
89%
23W
88%
24X
87%
25Y
87%
26Z
86%
27Z
74%
28Y
67%
29X
65%
30W
63%
31V
59%
32U
57%
33T
54%
34S
53%
35R
51%
36Q
48%
37P
45%
38O
41%
39N
36%
40M
35%
41L
31%
42K
28%
43J
25%
44I
23%
45H
20%
46G
18%
47F
15%
48E
13%
49D
12%
50C
10%
52A
9%
51B
9%

Distribution des résultats

Percentile par nombre de réponses

% des personnes avec chaque résultat

Votre développement - résultats

Vous n’avez pas pris ce quiz